LEADER 00842cam0-2200313---450- 001 990004641710403321 005 20091201120702.0 035 $a000464171 035 $aFED01000464171 035 $a(Aleph)000464171FED01 035 $a000464171 100 $a19990604d1931----km-y0itay50------ba 101 0 $aita 102 $aIT 105 $ay-------001yy 200 1 $aRomanticismo$ediscussioni attuali$fMario Vinciguerra 210 $aBari$cLaterza$d1931 215 $a116 p.$d21 cm 225 1 $aBiblioteca di cultura moderna$v212 610 0 $aRomanticismo$aEuropa$aStudi 676 $a809.9145 700 1$aVinciguerra,$bMario$0169128 801 0$aIT$bUNINA$gRICA$2UNIMARC 901 $aBK 912 $a990004641710403321 952 $a809.9145 VIN 1$fFLFBC 959 $aFLFBC 996 $aRomanticismo$9149426 997 $aUNINA LEADER 01812nam 2200505 a 450 001 9910701779003321 005 20120515092447.0 035 $a(CKB)5470000002420305 035 $a(OCoLC)793599770 035 $a(EXLCZ)995470000002420305 100 $a20120515d2011 ua 0 101 0 $aeng 135 $aurcn||||||||| 181 $ctxt$2rdacontent 182 $cc$2rdamedia 183 $acr$2rdacarrier 200 10$aDoppler radar profiler for launch winds at the Kennedy Space Center (phase 1a)$b[electronic resource] /$fDaniel G. Murri 210 1$aHampton, Va. :$cNational Aeronautics and Space Administration, Langley Research Center, NASA Engineering & Safety Center,$d[2011] 215 $a1 online resource (21 pages) $ccolor map 225 1 $aNASA/TM ;$v2011-217321 300 $aTitle from title screen (viewed on May 15, 2012). 300 $a"December 2011." 320 $aIncludes bibliographical references (page 21). 517 $aDoppler radar profiler for launch winds at the Kennedy Space Center 606 $aDoppler radar$2nasat 606 $aWind profiles$2nasat 606 $aLaunch vehicles$2nasat 606 $aMeteorological radar$2nasat 606 $aWind (meteorology)$2nasat 606 $aFlight mechanics$2nasat 615 7$aDoppler radar. 615 7$aWind profiles. 615 7$aLaunch vehicles. 615 7$aMeteorological radar. 615 7$aWind (meteorology) 615 7$aFlight mechanics. 700 $aMurri$b Daniel G$01387844 712 02$aLangley Research Center. 712 02$aNASA Engineering and Safety Center. 801 0$bGPO 801 1$bGPO 906 $aBOOK 912 $a9910701779003321 996 $aDoppler radar profiler for launch winds at the Kennedy Space Center (phase 1a)$93538675 997 $aUNINA